000 00454nam a2200169 i 4500
001 141652
003 ES-MaACL
005 20230906200335.0
007 t|
008 070926s1940 gw ||||1| ger d
100 1 _aVossler, Karl.
_9115749
245 1 0 _aAus der romanischen Welt /
_cKarl Vossler.
260 _aLeipzig :
_bKoehler & Amelang,
_c1940.
300 _a1 v. ;
_c19 cm.
500 _aEs el vol. 2ยบ.
852 _aES-MaACL
_jC-9290
_bR.19175
999 _c141652
_d141652